000 01766nac a22003491i 4500
003 EG-ScBUE
005 20250218104820.0
008 250211s2004 ii a f 000 0 eng d
020 _a812192247X
040 _aEG-ScBUE
_beng
_erda
_cEG-ScBUE
_dEG-ScBUE
082 0 4 _a519.2076
_bKAN
_222
100 1 _aKandasamy, P.,
_eauthor.
245 1 0 _aProbability, random variables, and random processes /
_cP. Kandasamy, M.A., Ph.D., professor of Mathematics (Retd.), P.S.G. College of Coimbatore, Visiting Professor, Amrita Institute of Technology and Science, Coimbatore, K. Thilagavathi, M.Sc., M.phil., Ph.D., Reader in Mathematics, Kongunadu Arts and Science College, Coimbatore, K. Gunavathi, M.E., Ph.D., Asst. Professor, Department of Electronics and Communication Engineering, P.S.G. College of Technology, Coimbatore.
250 _aReprinted with corrections edition.
264 1 _aNew Delhi :
_bS. Chand & Company Ltd.,
_c2004.
300 _axii, 504 pages :
_billustrations ;
_c24 cm
336 _2rdacontent
_atext
_btxt
337 _aunmediated
_2rdamedia
_bn
338 _avolume
_bnc
_2rdacarrier
500 _aIncludes Appendices.
521 _aFor B.E.-Fourth semester (electronics & communication), Anna University.
650 7 _aProbabilities
_xProblems, exercises, etc.
_2BUEsh
650 7 _aProbabilities
_xOutlines, syllabi, etc.
_2BUEsh
650 7 _aStochastic processes
_xProblems, exercises, etc.
_2BUEsh
650 7 _aStochastic processes
_xOutlines, syllabi, etc.
_2BUEsh
650 7 _aRandom variables
_xProblems, exercises, etc.
_2BUEsh
650 7 _aRandom variables
_2BUEsh
_vOutlines, syllabi, etc.
655 _vReading book
700 1 _aThilagavathi, K.,
_eauthor.
700 1 _aGunavathi, K.,
_eauthor.
942 _cBB
_2ddc
999 _c1280
_d1280